00000000nas 2200000za 4500
0019.500751
003CaOODSP
00520221107132917
007cr |||||||||||
008150406d20102013oncar p o||||f0   |0iku|d
040 |aCaOODSP|beng
0410 |aiku
0410 |aeng
0410 |afre
043 |an-cn---
0861 |aR1-62-PDF
1101 |aCanada. |bAboriginal Affairs and Northern Development Canada.
24510|aNunavut Implementation Panel annual report / |h[electronic resource] / |cNunavut Implementation Panel.
260 |aOttawa : |bAboriginal Affairs and Northern Development Canada, |c[2010]-2013
310 |aAnnual
3621 |aBegan with 2008/2010?; ceased with 2011/2012?
546 |aText in English, French and Inuktitut.
69007|aLand claims|2gcpds
7760#|tComité de mise en oeuvre du Nunavut, rapport annuel / |w(CaOODSP)9.500784
792 |tComité de mise en oeuvre du Nunavut, rapport annuel |efre|w(CaOODSP)9.500752